000 00305 a2200145 4500
001 60130
082 _a358.0095491 KAM
090 _c36940
_d36940
100 _aKamal Ahmed
245 _aUntold Tales Of PAF
260 _aPAF
_bPAF Book Club
300 _a281
500 _aPAF
520 _aPAF
942 _acaenust
_k358.0095491 KAM
999 _c295203
_d295203